<?xml version="1.0" encoding="UTF-8"?>
<record
    xmlns:xsi="http://www.w3.org/2001/XMLSchema-instance"
    xsi:schemaLocation="http://www.loc.gov/MARC21/slim http://www.loc.gov/standards/marcxml/schema/MARC21slim.xsd"
    xmlns="http://www.loc.gov/MARC21/slim">

  <leader>01570njm a2200277Ia 4500</leader>
  <controlfield tag="001">59850</controlfield>
  <controlfield tag="003">IT-RoPAU</controlfield>
  <controlfield tag="005">20220918181118.0</controlfield>
  <controlfield tag="008">131025s9999    xx            000 0 und d</controlfield>
  <datafield tag="040" ind1=" " ind2=" ">
    <subfield code="a">IT-RoPAU</subfield>
  </datafield>
  <datafield tag="040" ind1=" " ind2=" ">
    <subfield code="c">IT-RoPAU</subfield>
  </datafield>
  <datafield tag="041" ind1=" " ind2=" ">
    <subfield code="a">POLACCO</subfield>
  </datafield>
  <datafield tag="999" ind1=" " ind2=" ">
    <subfield code="c">99571</subfield>
    <subfield code="d">99571</subfield>
  </datafield>
  <datafield tag="999" ind1=" " ind2=" ">
    <subfield code="b">SI</subfield>
  </datafield>
  <datafield tag="100" ind1=" " ind2=" ">
    <subfield code="a">AA.VV.</subfield>
    <subfield code="9">794</subfield>
  </datafield>
  <datafield tag="100" ind1=" " ind2=" ">
    <subfield code="e">Autore musica</subfield>
    <subfield code="9">23072</subfield>
  </datafield>
  <datafield tag="100" ind1=" " ind2=" ">
    <subfield code="g">Codice autore musica SPICS: 12000</subfield>
    <subfield code="9">796</subfield>
  </datafield>
  <datafield tag="245" ind1=" " ind2=" ">
    <subfield code="a">Ej, Sobotka Trubadurzy-Z Archiwum Polskiego Beatu vol. 13</subfield>
  </datafield>
  <datafield tag="250" ind1=" " ind2=" ">
    <subfield code="a">1a ed.</subfield>
  </datafield>
  <datafield tag="260" ind1=" " ind2=" ">
    <subfield code="a">POLONIA</subfield>
  </datafield>
  <datafield tag="260" ind1=" " ind2=" ">
    <subfield code="b">MUZA</subfield>
    <subfield code="c">1987 [1a Ed.:1969]</subfield>
  </datafield>
  <datafield tag="300" ind1=" " ind2=" ">
    <subfield code="a">DISCO</subfield>
  </datafield>
  <datafield tag="500" ind1=" " ind2=" ">
    <subfield code="a">Musica rock, pop. Musica polacca. Canzone polacca.</subfield>
  </datafield>
  <datafield tag="505" ind1=" " ind2=" ">
    <subfield code="a">Ej, Sob&#xF3;tka Sob&#xF3;tka (Written By J. Kondratowicz, R. Poznakowski) - W&#x15B;r&#xF3;d Zielonych Olszyn (Written By J. Kondratowicz, R. Poznakowski) - Tobie I Mnie (Written By J. Kondratowicz, K. Krawczyk) - Dziewczyna I Pejza&#x17C; (Written By J. Kondratowicz, S. Kowalewski) - Po Co Ja Za Tob&#x105; Biegam (Written By J. Kleyny, R. Poznakowski) - Nie Chcemy Wspomnie&#x144; (Written By R. Poznakowski, W. Patuszy&#x144;ski) - Dom Mego Dzieci&#x144;stwa (Written By K. Krawczyk, M. Bellan) - U&#x15B;miechajcie Si&#x119; Dziewcz&#x119;ta (Written By R. Poznakowski, W. Patuszy&#x144;ski) - Nie Pytaj Mnie W Czyje W&#x142;osy Wepn&#x119; Gwiazd&#x119; (Written By J. Kondratowicz, R. Poznakowski) - Ballada O Dziewczynie (Written By M. Lichtman, M. Bellan) - Tatrza&#x144;ska Zimowa Ba&#x15B;&#x144; (Written By M. Bellan, S. Kowalewski) - Inna Ni&#x17C; Wszystkie (Written By K. Winkler, M. Lichtman)</subfield>
  </datafield>
  <datafield tag="650" ind1=" " ind2=" ">
    <subfield code="a">CANZONE POLACCA [DISCHI]</subfield>
    <subfield code="e">Codice MATERIA SPICS: 9950</subfield>
    <subfield code="9">23073</subfield>
  </datafield>
  <datafield tag="942" ind1=" " ind2=" ">
    <subfield code="c">MD</subfield>
    <subfield code="2">ddc</subfield>
  </datafield>
  <datafield tag="952" ind1=" " ind2=" ">
    <subfield code="0">0</subfield>
    <subfield code="1">0</subfield>
    <subfield code="4">0</subfield>
    <subfield code="6">59850_000000000000000</subfield>
    <subfield code="7">1</subfield>
    <subfield code="a">SPICS</subfield>
    <subfield code="b">SPICS</subfield>
    <subfield code="d">2013-10-25</subfield>
    <subfield code="l">0</subfield>
    <subfield code="o">59850</subfield>
    <subfield code="r">2013-10-25 00:00:00</subfield>
    <subfield code="w">2013-10-25</subfield>
    <subfield code="y">MD</subfield>
    <subfield code="z">Progr. Ins.: 15659 / N.Vol.: 1 / Copie: 1 - Copia rara: SI / date import: 01.01.2014 - By Epidotti, Trombetti, Vaglietti</subfield>
  </datafield>
</record>
